New construction orders: October 2003 (Record no. 73958)

MARC details
000 -LEADER
fixed length control field 00938cam a2200193 4500
001 - CONTROL NUMBER
control field WB3947-02
008 - FIXED-LENGTH DATA ELEMENTS--GENERAL INFORMATION
fixed length control field 031212n2003 000 0 eng u
035 ## - SYSTEM CONTROL NUMBER
System control number (Sirsi) u124614
245 ## - TITLE STATEMENT
Title New construction orders: October 2003
260 ## - PUBLICATION, DISTRIBUTION, ETC.
Date of publication, distribution, etc. 2003
490 ## - SERIES STATEMENT
Series statement DTI Press Release
Volume/sequential designation (C-1203) 11 December 2003 (2)
520 ## - SUMMARY, ETC.
Summary, etc. In the 12 months to October construction orders were down 1% and fell by 16% compared to the same three months in 2002. All order figures are seasonally adjusted and in constant (2000) prices. Private housing orders, infrastructure orders, public non-housing orders, private commercial orders and private industrial orders are also included. Next publication date for the new construction orders statistical release is 15 January 2004.
590 ## - LOCAL NOTE (RLIN)
Local note WB
650 ## - SUBJECT ADDED ENTRY--TOPICAL TERM
Topical term or geographic name entry element STATISTICS
650 ## - SUBJECT ADDED ENTRY--TOPICAL TERM
Topical term or geographic name entry element CONSTRUCTION STATISTICS
650 ## - SUBJECT ADDED ENTRY--TOPICAL TERM
Topical term or geographic name entry element DBERR NEW CONSTRUCTION ORDERS
690 ## - LOCAL SUBJECT ADDED ENTRY--TOPICAL TERM (OCLC, RLIN)
Topical term or geographic name as entry element BUILT ENVIRONMENT
942 ## - ADDED ENTRY ELEMENTS (KOHA)
Suppress in OPAC 0
Holdings
Withdrawn status Lost status Source of classification or shelving scheme Damaged status Not for loan Home library Current library Shelving location Date acquired Total Checkouts Full call number Barcode Date last seen Copy number Price effective from Koha item type
    Dewey Decimal Classification     London London News article 12/12/2003   WB3947-02 124614-1001 06/08/2019 1 06/08/2019 News article